000 00592nam a22001817a 4500
003 20130622085749.0
005 20160105144530.0
008 130622t xxu||||| |||| 00| 0 eng d
020 _a9780748774920
050 _aQH 430
_b.Ad222 2004
082 _aIB 575.102
_bAd2 2004
100 _aAdds, John
245 _aGenetics, evolution and biodiversity
_cJohn Adds, Erica Larkcom, Ruth Miller, Series Editor: Martin Furness-Smith
250 _arevised edition
260 _aUnited Kingdom
_bNelson Thornes Ltd.
_c2004
300 _ax, 187 p.
_bcol. : ill. ;
_c28 cm.
942 _2lcc
_cBK
999 _c2984
_d2984